Carribean Flags - Statistics

General Stats
  • This quiz has been taken 105 times
    99 since last reset
  • The average score is 13 of 16
Answer Stats
Picture Answer % Correct
Jamaica
96%
Cuba
93%
Trinidad and Tobago
89%
Bahamas
88%
Barbados
85%
Antigua and Barbuda
83%
Dominican Republic
83%
Haiti
83%
Dominica
82%
Saint Lucia
82%
Grenada
78%
Saint Vincent and The Grenadines
78%
Saint Kitts and Nevis
76%
Honduras
75%
Belize
69%
Suriname
69%
No matching quizzes found
Score Distribution
Percent of People with Each Score
Percentile by Number Answered
Your Score History
You have not taken this quiz since the last reset